Raja Ram Mohun Roy, (Record no. 86373)

MARC details
000 -LEADER
fixed length control field 00465nam a22001691 4500
001 - CONTROL NUMBER
control field sa 68015285
003 - CONTROL NUMBER IDENTIFIER
control field DLC
005 - DATE AND TIME OF LATEST TRANSACTION
control field 20260227112642.0
008 - FIXED-LENGTH DATA ELEMENTS--GENERAL INFORMATION
fixed length control field 711115s1911 ii c 00010beng
010 ## - LIBRARY OF CONGRESS CONTROL NUMBER
LC control number sa 68015285
050 0# - LIBRARY OF CONGRESS CALL NUMBER
Classification number DS475.2.R18
Item number S3
100 10 - MAIN ENTRY--PERSONAL NAME
Personal name Samaddar, R. N.
245 00 - TITLE STATEMENT
Title Raja Ram Mohun Roy,
Statement of responsibility, etc. by R. N. Samaddar.
260 0# - PUBLICATION, DISTRIBUTION, ETC.
Place of publication, distribution, etc. Calcutta,
Name of publisher, distributor, etc. I. A. Isaac,
Date of publication, distribution, etc. 1911.
300 ## - PHYSICAL DESCRIPTION
Extent vi, 224 p.
Other physical details port.
Dimensions 19 cm.
600 20 - SUBJECT ADDED ENTRY--PERSONAL NAME
Personal name Rammohun Roy, Raja,
Dates associated with a name 1772?-1833.

No items available.

Powered by Koha